Human rights / (Record no. 1225)
| 000 -LEADER | |
|---|---|
| fixed length control field | 00946cam a2200301 a 4500 |
| 001 - CONTROL NUMBER | |
| control field | 11939125 |
| 003 - CONTROL NUMBER IDENTIFIER | |
| control field | OSt |
| 005 - DATE AND TIME OF LATEST TRANSACTION | |
| control field | 20140116120848.0 |
| 008 - FIXED-LENGTH DATA ELEMENTS--GENERAL INFORMATION | |
| fixed length control field | 000311s1999 nyu b 001 0 eng d |
| 010 ## - LIBRARY OF CONGRESS CONTROL NUMBER | |
| LC control number | 00552083 |
| 020 ## - INTERNATIONAL STANDARD BOOK NUMBER | |
| International Standard Book Number | 1566627540 |
| 035 ## - SYSTEM CONTROL NUMBER | |
| System control number | (OCoLC)ocm42269005 |
| 050 00 - LIBRARY OF CONGRESS CALL NUMBER | |
| Classification number | K3240.H86 1999 |
| Item number | |
| 245 00 - TITLE STATEMENT | |
| Title | Human rights / |
| Statement of responsibility, etc | by Louis Henkin ... [et al.]. |
| 260 ## - PUBLICATION, DISTRIBUTION, ETC. (IMPRINT) | |
| Place of publication, distribution, etc | New York : |
| Name of publisher, distributor, etc | Foundation Press, |
| Date of publication, distribution, etc | 1999. |
| 300 b# - PHYSICAL DESCRIPTION | |
| Extent | xlvii, 1228 p. ; |
| Dimensions | 26 cm. |
| 440 #0 - SERIES STATEMENT/ADDED ENTRY--TITLE | |
| Title | University casebook series |
| 500 ## - GENERAL NOTE | |
| General note | Accompanied by: Documentary supplement (xix, 1099 p.). |
| 504 ## - BIBLIOGRAPHY, ETC. NOTE | |
| Bibliography, etc | Includes bibliographical references (p. xiii-xvii) and index. |
| 525 ## - SUPPLEMENT NOTE | |
| Supplement note | Kept up to date by supplements. |
| 650 #0 - SUBJECT ADDED ENTRY--TOPICAL TERM | |
| Topical term or geographic name as entry element | Human rights |
| Form subdivision | Cases. |
| 650 #0 - SUBJECT ADDED ENTRY--TOPICAL TERM | |
| Topical term or geographic name as entry element | Civil rights |
| Geographic subdivision | United States |
| Form subdivision | Cases. |
| 700 1# - ADDED ENTRY--PERSONAL NAME | |
| Personal name | Henkin, Louis. |
| 700 1# - ADDED ENTRY--PERSONAL NAME | |
| Personal name | Neuman, Gerald L. |
| 700 1# - ADDED ENTRY--PERSONAL NAME | |
| Personal name | Orentlicher, Diane F. |
| 700 1# - ADDED ENTRY--PERSONAL NAME | |
| Personal name | Leebron, David W. |
| 942 ## - ADDED ENTRY ELEMENTS (KOHA) | |
| Source of classification or shelving scheme | |
| Koha item type | Book |
| Withdrawn status | Lost status | Source of classification or shelving scheme | Damaged status | Not for loan | Home library | Current library | Date acquired | Total Checkouts | Full call number | Barcode | Date last seen | Date checked out | Price effective from | Koha item type |
|---|---|---|---|---|---|---|---|---|---|---|---|---|---|---|
| Riara University Library | Riara University Library | 23/09/2013 | 16 | K3240.H46 1999 | 4346/13 | 08/01/2018 | 27/11/2017 | 23/09/2013 | Book |
